|
|
|
|
| LEADER |
00000nam a2200000 a 4500 |
| 003 |
AR-BeUNQ |
| 005 |
20200203120055.0 |
| 008 |
191025s2018 xx bd f m 000 0 spa d |
| 999 |
|
|
|c 31147
|d 114947
|
| 040 |
|
|
|a AR-BeUNQ
|b spa
|e aacr
|
| 082 |
0 |
4 |
|2 21
|a 635.977
|
| 100 |
1 |
|
|9 1948
|a Aiub Apud, Daniela Isabel
|
| 245 |
0 |
0 |
|a Evaluación de la diversidad clásica y funcional del arbolado urbano de la ciudad de La Rioja, Argentina /
|c Daniela Isabel Aiub Apud.
|
| 260 |
|
|
|c 2018.
|
| 300 |
|
|
|a x, 102 h. :
|b fot., mapas, tablas ;
|c 30 cm.
|
| 500 |
|
|
|a Trabajo de tesis presentado para la obtención del grado de Magíster en Ambiente y Desarrollo Sustentable, mención en Gestión Ambiental.
|
| 500 |
|
|
|a Directora de tesis: Mónica Alita.
|
| 500 |
|
|
|a Co-Directora de tesis: María Eugenia Bordagaray.
|
| 502 |
|
|
|a Tesis (maestría) -- Universidad Nacional de Quilmes, 2018.
|
| 504 |
|
|
|a Bibliografía: h. 60-72.
|
| 594 |
|
|
|a MAESTRIA EN AMBIENTE Y DESARROLLO SUSTENTABLE
|
| 650 |
|
7 |
|a Árboles
|2 spines
|
| 650 |
|
7 |
|a Ciudades
|2 spines
|
| 650 |
|
7 |
|a Efectos ambientales
|2 spines
|
| 650 |
|
7 |
|a Planificación urbana
|2 spines
|
| 650 |
|
7 |
|a Gestión del medio ambiente
|2 spines
|
| 651 |
|
4 |
|a La Rioja (Argentina)
|
| 655 |
|
4 |
|a Tesis de maestría
|
| 700 |
1 |
|
|9 1949
|a Alitta, Mónica
|4 ths
|e directora de tesis
|
| 700 |
1 |
|
|4 ths
|9 1947
|a Bordagaray, María Eugenia
|e co-directora de tesis
|
| 710 |
2 |
|
|4 dgg
|a Universidad Nacional de Quilmes,
|e institución otorgante del título
|
| 929 |
|
|
|a DONACION
|b Daniela Isabel Aiub Apud.
|d 300,00
|e 20190614
|g 3488
|h 1
|f PAT0073573
|j 58599
|
| 942 |
|
|
|c TM
|n 0
|